[Event "Bezirksliga Oberbayern 1819"]
[Site "Bayern"]
[Date "2019.02.24"]
[Round "7.4"]
[White "Alefs, Frank"]
[Black "Woerl, Alexander"]
[Result "0-1"]
[WhiteElo "1900"]
[BlackElo "2040"]
[PlyCount "64"]
[EventDate "2018.10.21"]
[EventType "team-tourn"]
[EventRounds "9"]
[EventCountry "GER"]
[SourceTitle "EXT 2022"]
[Source "ChessBase"]
[SourceDate "2021.10.06"]
[SourceVersion "1"]
[SourceVersionDate "2021.10.06"]
[SourceQuality "1"]
[WhiteTeam "Fuerstenfeldbruck TuS"]
[BlackTeam "Gauting"]
[WhiteTeamCountry "GER"]
[BlackTeamCountry "GER"]

1. d4 Nf6 2. c4 g6 3. Nc3 d5 4. e3 Bg7 5. cxd5 Nxd5 6. Nxd5 Qxd5 7. Ne2 Bg4 8. Nc3 Qd7 9. Qb3 c6 10. Bc4 0-0 11. a4 e5 12. d5 cxd5 13. Nxd5 Nc6 14. Bd2 Rac8 15. Bc3 b6 16. 0-0 Rfd8 17. f3 Be6 18. Rfd1 Qb7 19. Rd3 Nd4 20. exd4 Bxd5 21. Bxd5 Qxd5 22. Qb4 exd4 23. Rad1 Qc5 24. Be1 Qxb4 25. Bxb4 Rc4 26. Bc3 Rxa4 27. b3 Ra3 28. Bb2 Ra5 29. Kf2 Rad5 30. g3 f5 31. Rc1 Rc5 32. Ra1 Rc2+ 0-1

[Event "Oberbayern Bezirksliga 1718"]
[Site "Germany"]
[Date "2018.04.15"]
[Round "9.6"]
[White "Alefs, Frank"]
[Black "Schmid, Dieter"]
[Result "0-1"]
[WhiteElo "1923"]
[BlackElo "1744"]
[PlyCount "101"]
[EventDate "2017.10.22"]
[EventType "team-tourn"]
[EventRounds "9"]
[EventCountry "GER"]
[SourceTitle "EXT 2019"]
[Source "ChessBase"]
[SourceDate "2018.10.10"]
[SourceVersion "1"]
[SourceVersionDate "2018.10.10"]
[SourceQuality "1"]
[WhiteTeam "Fuerstenfeldbruck"]
[BlackTeam "Pang/Rosenheim II"]
[WhiteTeamCountry "GER"]
[BlackTeamCountry "GER"]

1. d4 Nf6 2. c4 g6 3. Nc3 Bg7 4. e4 d6 5. f4 0-0 6. Nf3 Bg4 7. Be2 Bxf3 8. Bxf3 c6 9. 0-0 Nbd7 10. Be3 Qc7 11. Qe2 Kh8 12. Rad1 a5 13. Qf2 a4 14. Rd3 Nb6 15. b3 axb3 16. axb3 Nbd7 17. e5 Ng8 18. Ne4 d5 19. cxd5 cxd5 20. Ng5 e6 21. f5 gxf5 22. g4 Nh6 23. Qh4 fxg4 24. Bxg4 Qc2 25. Rfd1 Ra6 26. R1d2 Qb1+ 27. Bd1 Ra2 28. Rxa2 Qxa2 29. Nxh7 Kxh7 30. Rc3 Qb1 31. Bc1 Kg8 32. Bxh6 Qxd1+ 33. Kf2 Nxe5 34. dxe5 Bxh6 35. Qxh6 Qd4+ 36. Re3 Rc8 37. Qg5+ Kf8 38. Qh6+ Ke8 39. Qh7 Rc3 40. Qg8+ Ke7 41. Qg5+ Kd7 42. Kf3 Rxe3+ 43. Qxe3 Qxe3+ 44. Kxe3 Ke7 45. Kf4 f6 46. exf6+ Kxf6 47. b4 e5+ 48. Kg4 b5 49. h3 d4 50. h4 d3 51. Kf3 0-1

[Event "Oberbayern Bezirksliga 1718"]
[Site "Germany"]
[Date "2017.10.22"]
[Round "1.6"]
[White "Alefs, Frank"]
[Black "Herrmann, Michael2222"]
[Result "1/2-1/2"]
[WhiteElo "1923"]
[BlackElo "2075"]
[PlyCount "77"]
[EventDate "2017.10.22"]
[EventType "team-tourn"]
[EventRounds "9"]
[EventCountry "GER"]
[SourceTitle "EXT 2019"]
[Source "ChessBase"]
[SourceDate "2018.10.10"]
[SourceVersion "1"]
[SourceVersionDate "2018.10.10"]
[SourceQuality "1"]
[WhiteTeam "Fuerstenfeldbruck"]
[BlackTeam "Freilassing"]
[WhiteTeamCountry "GER"]
[BlackTeamCountry "GER"]

1. d4 d5 2. c4 c6 3. Nc3 Nf6 4. e3 a6 5. Qc2 g6 6. b3 Bf5 7. Bd3 Bxd3 8. Qxd3 Bg7 9. Nf3 Nbd7 10. 0-0 0-0 11. Bb2 Re8 12. cxd5 cxd5 13. Ne5 e6 14. f4 b5 15. Rfc1 Rc8 16. Rc2 Qb6 17. Rac1 Qb7 18. h3 Nb6 19. Ba3 Ne4 20. Bb4 f6 21. Nf3 Bf8 22. Bxf8 Kxf8 23. Nd2 f5 24. Nf3 b4 25. Nd1 Rxc2 26. Rxc2 Rc8 27. Ne5 Rxc2 28. Qxc2 Nd7 29. Qc6 Qxc6 30. Nxc6 Nc3 31. Nxc3 bxc3 32. Nb4 a5 33. Nd3 Nf6 34. Kf1 Ne4 35. Ke2 c2 36. Nc1 Ng3+ 37. Kd3 Nf1 38. a3 Ke7 39. Ke2 1/2-1/2

[Event "Landesliga Sued 1314"]
[Site "Bayern"]
[Date "2014.02.23"]
[Round "7.7"]
[White "Spiess, Martin"]
[Black "Alefs, Frank"]
[Result "1-0"]
[WhiteElo "2156"]
[BlackElo "1979"]
[PlyCount "110"]
[EventDate "2013.10.13"]
[EventType "team-tourn"]
[EventRounds "9"]
[EventCountry "GER"]
[SourceTitle "EXT 2015"]
[Source "ChessBase"]
[SourceDate "2014.11.20"]
[SourceVersion "1"]
[SourceVersionDate "2014.11.20"]
[SourceQuality "1"]
[WhiteTeam "Ingolstadt"]
[BlackTeam "Weilheim"]
[WhiteTeamCountry "GER"]
[BlackTeamCountry "GER"]

1. e4 e6 2. d4 d5 3. Nc3 Bb4 4. e5 c5 5. dxc5 Bxc3+ 6. bxc3 Qc7 7. Nf3 Ne7 8. Bd3 Nbc6 9. 0-0 Nxe5 10. Nxe5 Qxe5 11. Rb1 Qc7 12. c4 dxc4 13. Bxc4 Bd7 14. Qd4 Rc8 15. Rd1 e5 16. Qxd7+ Qxd7 17. Bxf7+ Kd8 18. Bg5 Rc7 19. Rd6 h6 20. Be6 Qxd6 21. cxd6 hxg5 22. dxc7+ Kxc7 23. Rd1 Rd8 24. Rxd8 Kxd8 25. Kf1 Nc6 26. c3 Ke7 27. Bc8 b5 28. Ke2 a5 29. Kd3 Kd6 30. Ke4 b4 31. cxb4 Nxb4 32. a3 Nc2 33. a4 Nd4 34. Ba6 Ke6 35. Bc4+ Kd6 36. h3 Kc5 37. Bf7 Kd6 38. g3 Ne6 39. Kf5 Nc5 40. Be8 Ne6 41. Bh5 Nc5 42. Bd1 Nd3 43. Kxg5 Nxf2 44. Bc2 Kd5 45. h4 e4 46. Kf4 Kd4 47. h5 Nd3+ 48. Kf5 e3 49. Bd1 Nb2 50. Bf3 Nxa4 51. g4 Nb6 52. g5 a4 53. h6 a3 54. hxg7 a2 55. g8Q a1Q 1-0

[Event "Landesliga Sued 1213"]
[Site "Bayern"]
[Date "2013.04.14"]
[Round "9.7"]
[White "Alefs, Frank"]
[Black "Albeker, Mark"]
[Result "1/2-1/2"]
[WhiteElo "1870"]
[BlackElo "2095"]
[PlyCount "44"]
[EventDate "2012.10.14"]
[EventType "team-tourn"]
[EventRounds "9"]
[EventCountry "GER"]
[SourceTitle "EXT 2015"]
[Source "ChessBase"]
[SourceDate "2014.11.20"]
[SourceVersion "1"]
[SourceVersionDate "2014.11.20"]
[SourceQuality "1"]
[WhiteTeam "Weilheim"]
[BlackTeam "Haunstetten"]
[WhiteTeamCountry "GER"]
[BlackTeamCountry "GER"]

1. d4 c5 2. d5 Nf6 3. c4 g6 4. Nc3 d6 5. e4 Bg7 6. f4 e6 7. Nf3 exd5 8. cxd5 0-0 9. Be2 Re8 10. e5 dxe5 11. fxe5 Ng4 12. e6 fxe6 13. d6 a6 14. 0-0 b5 15. h3 Ne5 16. Bg5 Nxf3+ 17. Bxf3 Qxg5 18. Bxa8 Nd7 19. Bc6 Rd8 20. Bxd7 Rxd7 21. Qe2 Rxd6 22. Qf3 Qe7 1/2-1/2

[Event "Landesliga Sued 1213"]
[Site "Bayern"]
[Date "2013.02.24"]
[Round "7.8"]
[White "Reinhard, Chetan"]
[Black "Alefs, Frank"]
[Result "1/2-1/2"]
[WhiteElo "1930"]
[BlackElo "1870"]
[PlyCount "81"]
[EventDate "2012.10.14"]
[EventType "team-tourn"]
[EventRounds "9"]
[EventCountry "GER"]
[SourceTitle "EXT 2015"]
[Source "ChessBase"]
[SourceDate "2014.11.20"]
[SourceVersion "1"]
[SourceVersionDate "2014.11.20"]
[SourceQuality "1"]
[WhiteTeam "Muenchen Tarrasch II"]
[BlackTeam "Weilheim"]
[WhiteTeamCountry "GER"]
[BlackTeamCountry "GER"]

1. b3 d5 2. e3 Bf5 3. Bb2 e6 4. Nf3 Nf6 5. Nd4 Bg6 6. Be2 h6 7. Nc3 e5 8. Nf3 e4 9. Ne5 Bh7 10. Bh5 g6 11. Be2 Bg7 12. Bb5+ c6 13. Be2 Ng8 14. Na4 f6 15. Nxg6 Bxg6 16. Bh5 Bxh5 17. Qxh5+ Kf8 18. Nc5 Qc8 19. f3 b6 20. Na4 Qe8 21. Qxe8+ Kxe8 22. fxe4 dxe4 23. 0-0 Nd7 24. Nc3 Ne7 25. Nxe4 Kf7 26. d3 Kg6 27. Rf3 Rhg8 28. Raf1 f5 29. Bxg7 Rxg7 30. Nd6 Rf8 31. e4 f4 32. g3 Ne5 33. Rxf4 Rxf4 34. gxf4 Kh5+ 35. Kh1 Ng4 36. f5 Ng8 37. d4 N8f6 38. e5 Rd7 39. Rf3 Rxd6 40. exd6 Nd7 41. Rc3 1/2-1/2

[Event "Oberbayern-ch"]
[Site "Weilheim Marnbach"]
[Date "2012.05.??"]
[Round "7.11"]
[White "Alefs, Frank"]
[Black "Kretschel, Klaus"]
[Result "1/2-1/2"]
[WhiteElo "1960"]
[BlackElo "2036"]
[PlyCount "43"]
[EventDate "2012.05.17"]
[EventType "swiss"]
[EventRounds "7"]
[EventCountry "GER"]
[SourceTitle "EXT 2022"]
[Source "ChessBase"]
[SourceDate "2021.10.06"]
[SourceVersion "1"]
[SourceVersionDate "2021.10.06"]
[SourceQuality "1"]

1. d4 f5 2. e4 fxe4 3. Nc3 Nf6 4. Bg5 Nc6 5. d5 Ne5 6. Qe2 Nf7 7. Bxf6 exf6 8. Nxe4 Qe7 9. 0-0-0 f5 10. Nc3 Qxe2 11. Bxe2 Bd6 12. Bd3 Bf4+ 13. Kb1 d6 14. g3 Be5 15. Nge2 Bd7 16. Rhe1 0-0-0 17. f4 Bxc3 18. bxc3 Rde8 19. Nd4 g6 20. Kc1 Nh6 21. h3 Kd8 22. Kd2 1/2-1/2

[Event "Oberbayern-ch"]
[Site "Weilheim Marnbach"]
[Date "2012.05.??"]
[Round "1.8"]
[White "Alefs, Frank"]
[Black "Niedermeier, Thomas"]
[Result "1/2-1/2"]
[WhiteElo "1960"]
[BlackElo "2141"]
[PlyCount "39"]
[EventDate "2012.05.17"]
[EventType "swiss"]
[EventRounds "7"]
[EventCountry "GER"]
[SourceTitle "EXT 2022"]
[Source "ChessBase"]
[SourceDate "2021.10.06"]
[SourceVersion "1"]
[SourceVersionDate "2021.10.06"]
[SourceQuality "1"]

1. d4 Nf6 2. c4 Nc6 3. Nf3 e6 4. Nc3 Bb4 5. Qc2 0-0 6. Bg5 h6 7. Bh4 d5 8. e3 a6 9. Rd1 dxc4 10. Bxc4 b5 11. Be2 Bb7 12. Ne5 Ne7 13. Bxf6 gxf6 14. Ng4 Kg7 15. h4 Qd6 16. e4 Qf4 17. Bf3 h5 18. Nxf6 Qxf6 19. e5 Qg6 20. Qxg6+ 1/2-1/2

[Event "Oberbayern-ch"]
[Site "Weilheim Marnbach"]
[Date "2012.05.??"]
[Round "3.9"]
[White "Seidenschwarz, Holger"]
[Black "Alefs, Frank"]
[Result "1-0"]
[WhiteElo "1989"]
[BlackElo "1960"]
[PlyCount "67"]
[EventDate "2012.05.17"]
[EventType "swiss"]
[EventRounds "7"]
[EventCountry "GER"]
[SourceTitle "EXT 2022"]
[Source "ChessBase"]
[SourceDate "2021.10.06"]
[SourceVersion "1"]
[SourceVersionDate "2021.10.06"]
[SourceQuality "1"]

1. e4 e6 2. d4 d5 3. Nc3 Bb4 4. e5 c5 5. a3 Bxc3+ 6. bxc3 Ne7 7. Qg4 cxd4 8. Qxg7 Rg8 9. Qxh7 Qc7 10. Ne2 Nbc6 11. f4 dxc3 12. Qd3 d4 13. Nxd4 Nxd4 14. Qxd4 Nf5 15. Bb5+ Bd7 16. Bxd7+ Qxd7 17. Qxd7+ Kxd7 18. Rg1 Rad8 19. Rb1 Nd4 20. Kf2 Kc6 21. Rb4 b5 22. Rd1 Nxc2 23. Rxd8 Rxd8 24. Rb3 Rd3 25. Ke2 Rf3 26. gxf3 Nd4+ 27. Kd3 Nxb3 28. Be3 b4 29. axb4 a5 30. Kxc3 a4 31. h4 Kd7 32. b5 Na5 33. Kb4 Nb7 34. Kxa4 1-0

[Event "Landesliga Sued 1112"]
[Site "Bayern"]
[Date "2012.02.05"]
[Round "6.8"]
[White "Alefs, Frank"]
[Black "Jussupow, Nadejda"]
[Result "1/2-1/2"]
[WhiteElo "1862"]
[BlackElo "2034"]
[PlyCount "31"]
[EventDate "2011.10.02"]
[EventType "team-tourn"]
[EventRounds "9"]
[EventCountry "GER"]
[SourceTitle "EXT 2013"]
[Source "ChessBase"]
[SourceDate "2012.11.22"]
[SourceVersion "1"]
[SourceVersionDate "2012.11.22"]
[SourceQuality "1"]
[WhiteTeam "Weilheim"]
[BlackTeam "Krumbach"]
[WhiteTeamCountry "GER"]
[BlackTeamCountry "GER"]

1. d4 Nf6 2. c4 g6 3. Nc3 Bg7 4. e4 d6 5. f4 0-0 6. Nf3 c5 7. d5 Bd7 8. Qc2 Na6 9. a3 Rb8 10. Nb5 Nc7 11. Nxc7 Qxc7 12. Bd2 b5 13. Bc3 Qb6 14. b3 bxc4 15. Bxc4 Bb5 16. Nd2 1/2-1/2

[Event "Landesliga Sued 1112"]
[Site "Bayern"]
[Date "2011.12.11"]
[Round "4.6"]
[White "Alefs, Frank"]
[Black "Ebenhoech, Daniel"]
[Result "1/2-1/2"]
[WhiteElo "1862"]
[BlackElo "2143"]
[PlyCount "133"]
[EventDate "2011.10.02"]
[EventType "team-tourn"]
[EventRounds "9"]
[EventCountry "GER"]
[SourceTitle "EXT 2013"]
[Source "ChessBase"]
[SourceDate "2012.11.22"]
[SourceVersion "1"]
[SourceVersionDate "2012.11.22"]
[SourceQuality "1"]
[WhiteTeam "Weilheim"]
[BlackTeam "Ingolstadt"]
[WhiteTeamCountry "GER"]
[BlackTeamCountry "GER"]

1. d4 g6 2. c4 Bg7 3. e4 d6 4. Nc3 a6 5. Be2 c6 6. Be3 b5 7. Qc2 Nf6 8. h3 bxc4 9. g4 d5 10. e5 Nfd7 11. f4 e6 12. Nf3 c5 13. dxc5 Nc6 14. Rd1 Qa5 15. Qa4 Qxa4 16. Nxa4 Rb8 17. Nd4 Nxd4 18. Bxd4 Bb7 19. Rc1 Bc6 20. Bd1 g5 21. Nb6 gxf4 22. Nxd7 Kxd7 23. h4 Bb5 24. Rh3 Rhc8 25. Rf3 Ke8 26. g5 Bf8 27. b4 cxb3 28. axb3 Rc6 29. Rxf4 Bd3 30. Rf3 Be4 31. Rfc3 Rb4 32. Bf2 d4 33. Rc4 Rxc4 34. Rxc4 Rxc5 35. Bxd4 Rxc4 36. bxc4 Bb4+ 37. Ke2 Kd7 38. Ke3 Bb1 39. Bh5 Bg6 40. Be2 Be1 41. h5 Bf5 42. c5 Kc6 43. Bxa6 Bb4 44. Bc8 Bg4 45. Ba6 Bxh5 46. Bd3 Bg6 47. Be2 Bxc5 48. Bf3+ Kb6 49. Bg2 Kb5 50. Bxc5 Kxc5 51. Bf3 Bf5 52. Bg2 Bc2 53. Bf3 Bg6 54. Bg2 Kb6 55. Kd4 Kc7 56. Kc5 Kd7 57. Kd4 Ke7 58. Ke3 Kf8 59. Kf4 Kg7 60. Bf3 Bc2 61. Be2 Kg6 62. Bf3 Bf5 63. Be2 h6 64. gxh6 Kxh6 65. Bf3 Kg6 66. Be2 f6 67. Bc4 1/2-1/2

[Event "Landesliga Sued 1112"]
[Site "Bayern"]
[Date "2011.11.20"]
[Round "3.7"]
[White "Alefs, Frank"]
[Black "Weichlein, Paul"]
[Result "1-0"]
[WhiteElo "1862"]
[BlackElo "1911"]
[PlyCount "103"]
[EventDate "2011.10.02"]
[EventType "team-tourn"]
[EventRounds "9"]
[EventCountry "GER"]
[SourceTitle "EXT 2013"]
[Source "ChessBase"]
[SourceDate "2012.11.22"]
[SourceVersion "1"]
[SourceVersionDate "2012.11.22"]
[SourceQuality "1"]
[WhiteTeam "Weilheim"]
[BlackTeam "Haunstetten"]
[WhiteTeamCountry "GER"]
[BlackTeamCountry "GER"]

1. d4 d5 2. c4 c6 3. Nf3 Nf6 4. Nc3 e6 5. Bg5 h6 6. Bh4 dxc4 7. e4 g5 8. Bg3 b5 9. e5 Nd5 10. Nd2 Bb7 11. Nde4 Be7 12. Be2 Nd7 13. 0-0 Qb6 14. a4 a6 15. Bh5 c5 16. axb5 Nxc3 17. Nxc3 cxd4 18. Na4 Qxb5 19. Qxd4 Qd5 20. Qxd5 Bxd5 21. Nc3 Nc5 22. f4 0-0 23. Nxd5 exd5 24. f5 Nd3 25. Ra5 Bc5+ 26. Kh1 d4 27. Bf3 Rac8 28. Rxa6 Nxb2 29. Rxh6 d3 30. f6 d2 31. Be4 Rfd8 32. Bh7+ Kf8 33. Bc2 Ke8 34. e6 fxe6 35. Rh7 Nd3 36. Ba4+ Kf8 37. Rh8+ Kf7 38. Rh7+ Kg6 39. Rg7+ Kh6 40. h4 g4 41. Bc2 Bd6 42. Bxd6 Rxd6 43. Rxg4 Ne1 44. Bd1 c3 45. f7 Rdd8 46. Rf6+ Kh7 47. Rxe6 Nd3 48. Kh2 c2 49. Bxc2 Rxc2 50. Re8 d1Q 51. Rg7+ Kh6 52. f8Q 1-0

[Event "Augsburg Afro op-A 18th"]
[Site "Augsburg"]
[Date "2011.08.06"]
[Round "5"]
[White "Braun, Stefan"]
[Black "Alefs, Frank"]
[Result "1/2-1/2"]
[WhiteElo "1901"]
[BlackElo "2056"]
[PlyCount "34"]
[EventDate "2011.08.04"]
[EventType "swiss"]
[EventRounds "7"]
[EventCountry "GER"]
[SourceTitle "EXT 2015"]
[Source "ChessBase"]
[SourceDate "2014.11.20"]
[SourceVersion "1"]
[SourceVersionDate "2014.11.20"]
[SourceQuality "1"]

1. d4 e6 2. c4 f5 3. Nf3 Nf6 4. g3 d5 5. Bg2 c6 6. 0-0 Bd6 7. b3 Qe7 8. Bf4 Nbd7 9. Bxd6 Qxd6 10. Nbd2 0-0 11. Qc2 Ne4 12. Ne1 e5 13. dxe5 Qxe5 14. Nd3 Qf6 15. cxd5 cxd5 16. Nf3 g5 17. e3 a5 1/2-1/2

[Event "Augsburg Afro op-A 18th"]
[Site "Augsburg"]
[Date "2011.08.05"]
[Round "4"]
[White "Alefs, Frank"]
[Black "Smolny, Frieder"]
[Result "1/2-1/2"]
[WhiteElo "2056"]
[BlackElo "2153"]
[PlyCount "31"]
[EventDate "2011.08.04"]
[EventType "swiss"]
[EventRounds "7"]
[EventCountry "GER"]
[SourceTitle "EXT 2015"]
[Source "ChessBase"]
[SourceDate "2014.11.20"]
[SourceVersion "1"]
[SourceVersionDate "2014.11.20"]
[SourceQuality "1"]

1. d4 d5 2. c4 e6 3. Nc3 Be7 4. Nf3 Nf6 5. Bg5 h6 6. Bh4 0-0 7. e3 b6 8. cxd5 Nxd5 9. Bxe7 Qxe7 10. Rc1 Bb7 11. Bd3 Rc8 12. 0-0 c5 13. dxc5 Rxc5 14. Nxd5 Bxd5 15. Rxc5 Qxc5 16. a3 1/2-1/2

[Event "Augsburg Afro op-A 18th"]
[Site "Augsburg"]
[Date "2011.08.04"]
[Round "1"]
[White "Kleuster, Anton"]
[Black "Alefs, Frank"]
[Result "0-1"]
[WhiteElo "1748"]
[BlackElo "2056"]
[PlyCount "40"]
[EventDate "2011.08.04"]
[EventType "swiss"]
[EventRounds "7"]
[EventCountry "GER"]
[SourceTitle "EXT 2015"]
[Source "ChessBase"]
[SourceDate "2014.11.20"]
[SourceVersion "1"]
[SourceVersionDate "2014.11.20"]
[SourceQuality "1"]

1. e4 e6 2. Nf3 d5 3. e5 c5 4. d4 cxd4 5. Qxd4 Nc6 6. Bb5 Qa5+ 7. Nc3 Bb4 8. Bxc6+ bxc6 9. Bd2 Ba6 10. Qh4 Ne7 11. a3 Bxc3 12. Bxc3 Qb5 13. 0-0-0 c5 14. b4 Qa4 15. Kd2 Nf5 16. Qf4 Rc8 17. g4 d4 18. gxf5 dxc3+ 19. Ke3 Qxc2 20. fxe6 Qe2# 0-1